| 000 | 00814nac a22002291u 4500 | ||
|---|---|---|---|
| 008 | 120926b2012 us a | |||| 001 0 eng d | ||
| 010 | _a | ||
| 020 | _a0273753363 | ||
| 020 | _a9780273753360 | ||
| 082 | 0 | 0 |
_a658.8 _bKOT _222 |
| 100 |
_aKotler, Philip. _930980 |
||
| 245 | 1 | 0 |
_aMarketing management / _cPhilip Kotler, Kevin Keller. |
| 250 |
_a14 ed. _bGlobal Edition |
||
| 260 |
_aBoston : _bPearson Education Limited, _cc2012. |
||
| 300 |
_aunpaged : _bcol. ill. ; _c28 cm. |
||
| 504 | _aIncludes bibliographical references and index. | ||
| 650 | 0 |
_aMarketing _xManagement. _930981 |
|
| 653 |
_bBus _cSeptember2012 _cOctober2012 |
||
| 700 | 1 |
_930982 _aKeller, Kevin Lane, _d1956- |
|
| 856 | 4 | 1 |
_3Table of contents _uhttp://www.loc.gov/catdir/toc/ecip055/2004029595.html |
| 942 |
_cNB _k658.8KOT _2ddc |
||
| 999 |
_c17030 _d17002 |
||